Central Library OPAC University of Rajshahi

Lectures on analysis on metric spaces / (Record no. 54003)

MARC details
000 -LEADER
fixed length control field 00735nam a2200253 a 4500
001 - CONTROL NUMBER
control field 54003
003 - CONTROL NUMBER IDENTIFIER
rucl marc code BD-RjUL
005 - DATE AND TIME OF LATEST TRANSACTION
control field 20211209080046.0
008 - FIXED-LENGTH DATA ELEMENTS--GENERAL INFORMATION
fixed length control field 161031s2001 nyu b 001 0 eng
020 ## - INTERNATIONAL STANDARD BOOK NUMBER
International Standard Book Number 0387951040 (alk. paper)
035 ## - SYSTEM CONTROL NUMBER
System control number (BD-RjUL)54125
040 ## - CATALOGING SOURCE
Original cataloging agency DLC
Transcribing agency DLC
Modifying agency BD-RjUL
Language of cataloging eng
041 ## - LANGUAGE CODE
Language code of text/sound track or separate title eng
082 00 - DEWEY DECIMAL CLASSIFICATION NUMBER
Classification number 515
Edition number 23
Author mark and year HEL 2001
100 1# - MAIN ENTRY--PERSONAL NAME
Personal name Heinonen, Juha.
9 (RLIN) 161263
245 10 - TITLE STATEMENT
Title Lectures on analysis on metric spaces /
Statement of responsibility, etc. Juha Heinonen.
260 ## - PUBLICATION, DISTRIBUTION, ETC. (IMPRINT)
Place of publication, distribution, etc. New York :
Name of publisher, distributor, etc. Springer,
Date of publication, distribution, etc. c2001.
300 ## - PHYSICAL DESCRIPTION
Pagination x, 140 p. ;
Size 25 cm.
490 0# - SERIES STATEMENT
Series statement Universitext
504 ## - BIBLIOGRAPHY, ETC. NOTE
Bibliography, etc Includes bibliographical references and index.
650 #0 - SUBJECT ADDED ENTRY--TOPICAL TERM
Topical term or geographic name as entry element Metric spaces.
9 (RLIN) 138258
Topical term or geographic name as entry element Mathematical analysis.
9 (RLIN) 161264
942 ## - ADDED ENTRY ELEMENTS (KOHA)
Source of classification or shelving scheme Dewey Decimal Classification
Koha item type Books
Holdings
Lost status Source of classification or shelving scheme Damaged status Not for loan Collection code Permanent Location Current Location Shelving location Date acquired Source of acquisition Cost, normal purchase price Total Checkouts Full call number Date last seen Copy number Koha item type
  Dewey Decimal Classification     Non-fiction Central Library, University of Rajshahi Central Library, University of Rajshahi   26/04/2006 Dhaka,Paragon Enterprise Lit., 44.95   515 HEL 2001 31/10/2016 C-2 Books
  Dewey Decimal Classification   Not For Loan Non-fiction Central Library, University of Rajshahi Central Library, University of Rajshahi Reading Room 26/04/2006 Dhaka,Paragon Enterprise Lit., 44.95   515 HEL 2001 12/04/2017 C-1 Books